1552 1796 1607 1866 1496 1711 1092 1720 1925 1231 1003 1909 1507 1464 1151 1768 1999 1847 1040 1660 1904 1425 1608 1411 1404 1485 1245 1469 1643 1279 1280 1497 1611 1884 1055 1188 1915 1956 1759 1055 1008 1570 1934 1006 1971 1370 1333 1530 1211 1596 1958 1226 1399 1394 1548 1320 1991 1811 1929 1501 1103 1151 1740 1380 1094 1218 1760 1924 1626 1316 1768 1731 1527 1684 1360 1355 1056 1900 1187 1748 1255 1335 1410 1173 1577 1210 1126 1103 1483 1109 1972 1306 1972 1825 1485 1442 1538 1755 1035 BCNSPRNW ULIB Ver.6.0+V

เปลี่ยนเป็นภาษาไทย

Change to English
 แสดงรายละเอียดบรรณานุกรม
  กลับหน้าหลัก

Brief Record : Get Marc (ISO 2709) : E-mail record : QR code < ปิดหน้าต่าง
LEADER : 00000nam 2200000uu 4500
001    13399114914
003     ULIB
008    120621s||||||||th 000 0 tha d
060  4 WY18.8^bค111ก
110 1  คณะผู้เข้าอบรมรุ่นที่ 1 วิทยาลัยในสังกัดสถาบันพระบรมราชชนก สำนักงานปลัดกระทรวงสาธารณสุข
245 00 การเรียนการสอนการพยาบาลด้วยหัวใจความเป็นมนุษย์^bHumanistic Nursing Care^cคณะผู้เข้าอบรมรุ่นที่ 1 วิทยาลัยในสังกัดสถาบันพระบรมราชชนก
246 0  Humanistic Nursing Care
260    นนทบุรี:^bกลุ่มพัฒนาการศึกษา สถาบันพระบรมราชชนก,^c2554
300    55 หน้า :^bภาพประกอบ,^c29 ซม.
500    คณะผู้เข้าอบรมรุ่นที่ 1 วิทยาลัยในสังกัดสถาบันพระบรมราชชนก ณ Collegge of Mount Saint Vincent New York city, USA 26 June-18 July 2010
650  4 พยาบาล^xการเรียนการสอน
650  4 การพยาบาลด้วยหัวใจความเป็นมนุษย์
945    ^p0^l0^i032104
945    ^p0^l0^i032105
945    ^p0^l0^i032106
945    ^p0^l0^i032107
945    ^p0^l0^i032108
995    เกษร
999 ^a ใช้งานได้ทุกระบบ
รายการนี้ยังไม่มีแท็ก
คุณยังไม่ได้ล็อกอิน คุณสามารถมีกิจกรรมร่วมกับเว็บไซต์ได้ แต่ต้องล็อกอินก่อน ::
  ล็อกอิน

รายการสื่อสารสนเทศ

ลำดับที่ ประเภท เลขเรียก/บาร์โค้ด สถานที่ สถานะ
1. วิทยาศาสตร์การแพทย์ และสุขภาพ
หนังสือสำรอง
สถานะ=หนังสือสำรอง
WY18.8 ค111ก ฉ.1 
  Barcode: 032104
ห้องสมุดวิทยาเขตสวรรค์ประชารักษ์
►ส่วนจัดเก็บหนังสือเก่า สปร
บนชั้น
  ขอยืม
2. วิทยาศาสตร์การแพทย์ และสุขภาพ
วิทยาศาสตร์การแพทย์ และสุขภาพ
WY18.8 ค111ก ฉ.2 
  Barcode: 032105
ห้องสมุดวิทยาเขตสวรรค์ประชารักษ์
►ส่วนจัดเก็บหนังสือเก่า สปร
บนชั้น
  ขอยืม
3. วิทยาศาสตร์การแพทย์ และสุขภาพ
วิทยาศาสตร์การแพทย์ และสุขภาพ
WY18.8 ค111ก ฉ.3 
  Barcode: 032106
ห้องสมุดวิทยาเขตสวรรค์ประชารักษ์
►ส่วนจัดเก็บหนังสือเก่า สปร
บนชั้น
  ขอยืม
4. วิทยาศาสตร์การแพทย์ และสุขภาพ
วิทยาศาสตร์การแพทย์ และสุขภาพ
WY18.8 ค111ก ฉ.4 
  Barcode: 032107
ห้องสมุดวิทยาเขตสวรรค์ประชารักษ์
►ส่วนจัดเก็บหนังสือเก่า สปร
บนชั้น
  ขอยืม
5. วิทยาศาสตร์การแพทย์ และสุขภาพ
วิทยาศาสตร์การแพทย์ และสุขภาพ
WY18.8 ค111ก ฉ.5 
  Barcode: 032108
ห้องสมุดวิทยาเขตสวรรค์ประชารักษ์
►ส่วนจัดเก็บหนังสือเก่า สปร
บนชั้น
  ขอยืม

BibComment


ยังไม่เคยถูกคอมเมนท์

คอมเมนท์ทรัพยากรรายการนี้
  คอมเมนท์: การเรียนการสอนการ..


 Copyright 2026. Bcnsprnw @Library